000 00772cam a22002654a 4500
999 _c5382
_d5382
001 5382
003 BD-JhCC
005 20171213182538.0
008 040831s2005 nyua b 001 0 eng
020 _a0393924963
035 _a(BD-JhCC)5382
040 _aDLC
_cDLC
_dDLC
041 _aeng
050 0 0 _aHD30.22
_b.M354 2005
082 0 0 _a338.5/024/658
_222
_bMAN 2005
245 0 0 _aManagerial economics :
_btheory, applications, and cases /
_cW. Bruce Allen ... [et al.].
250 _a6th ed.
260 _aNew York :
_bW.W. Norton,
_cc2005.
300 _axxiv, 832, 88 p. :
_bcol. ill. ;
_c25 cm.
504 _aIncludes bibliographical references and index.
650 0 _aManagerial economics.
700 1 _aAllen, W. Bruce.
942 _2ddc
_cBK